US president by Alias (Secret Service codenames) - Statistics

General Stats
  • This quiz has been taken 11 times
  • The average score is 9 of 14
Answer Stats
President Alias % Correct
Harry S. Truman General
78%
Joe Biden Celtic
78%
Ronald Reagan Rawhide
78%
Barack Obama Renegade
67%
Bill Clinton Eagle
67%
Donald Trump Mogul
67%
George H. W. Bush Timberwolf
67%
George W. Bush Tumbler
67%
Jimmy Carter Deacon
67%
Dwight D. Eisenhower Scorecard
56%
Gerald Ford Passkey
56%
John F. Kennedy Lancer
56%
Lyndon B. Johnson Volunteer
56%
Richard Nixon Searchlight
56%
No matching quizzes found
Score Distribution
Percent of People with Each Score
Percentile by Number Answered
Your Score History
You have not taken this quiz